| 000 | 00810cam a2200205 4500 | ||
|---|---|---|---|
| 008 | 000000n2000 000 0 eng u | ||
| 035 | _a(Sirsi) u106089 | ||
| 245 | _aGlass cancer | ||
| 260 | _c2000 | ||
| 490 |
_aConstruction News _v(6666) 18 May 2000, 1&2; 25 May 2000, 4(2) |
||
| 520 | _aWestminster Council is to investigate a suspected case of glass cancer after a pane of glass shattered in an office building next to Victoria Station. The problem, which is linked to toughened glass, is caused by a chemical defect in the manufacturing process. | ||
| 590 | _aWB | ||
| 650 | _aGLASS CANCER | ||
| 650 | _aTOUGHENED GLASS | ||
| 650 |
_aBUILDING CONTROL _96222 |
||
| 650 | _aBUILDING DEFECTS | ||
| 650 | _aNICKEL SULPHIDE INCLUSION | ||
| 690 | _aBUILT ENVIRONMENT-BUILDING PATHOLOGY | ||
| 942 | _n0 | ||
| 999 |
_c63553 _d63553 |
||